Most Test Runs For Australia - Statistics

General Stats
  • This quiz has been taken 18 times
  • The average score is 23 of 40
Answer Stats
Runs Scored Matches Played Answer % Correct
8029 128 Mark Waugh
100%
13378 168 Ricky Ponting
100%
8947 97 Steve Smith
100%
10927 168 Steve Waugh
100%
3154 145 Shane Warne
93%
11174 156 Allan Border
87%
8202 104 David Warner
87%
8625 103 Matthew Hayden
87%
5570 96 Adam Gilchrist
80%
7422 107 David Boon
80%
6996 52 Don Bradman
80%
7110 87 Greg Chappell
80%
5345 75 Ian Chappell
80%
8643 115 Michael Clarke
80%
3633 96 Rod Marsh
73%
7696 105 Justin Langer
67%
4508 61 Usman Khawaja
67%
7525 104 Mark Taylor
60%
3461 38 Marnus Labuschagne
60%
6235 79 Mike Hussey
60%
3266 66 Brad Haddin
53%
3631 52 Dean Jones
53%
5234 67 Bill Lawry
47%
4869 62 Bob Simpson
47%
4356 119 Ian Healy
47%
6149 79 Neil Harvey
47%
4406 67 Damien Martyn
40%
5312 74 Michael Slater
40%
5357 74 Doug Walters
33%
3374 59 Graeme Wood
33%
4737 66 Ian Redpath
33%
2958 55 Keith Miller
33%
4188 56 Simon Katich
33%
3533 46 Arthur Morris
27%
4415 70 Kim Hughes
27%
3731 59 Shane Watson
27%
3073 43 Lindsay Hasset
20%
3163 48 Victor Trumper
13%
3412 49 Clem Hill
7%
3107 47 Colin McDonald
7%
No matching quizzes found
Score Distribution
Percent of People with Each Score
Percentile by Number Answered
Your Score History
You have not taken this quiz